000 00967nam a22003017a 4500
003 CHAP
005 20220329135541.0
008 971013s1971 r 00010 d
010 _a38349
011 _a39321
035 _a43441
040 _cCHAP
082 _a333
_bP45
100 0 0 _aPeinado Sotomayor, Marcelo.
_986593
245 _aLand reform in three communities of Cochabamba, Bolivia
260 _aMadison, Wis. :
_bLand Tenure Center,
_c1971
300 _a100 p.
490 _aResearch paper
_v; 44
590 _aBATCH-UPD
_b10
_c20130110
_lUCH01
_h2204
590 _aCONVERSION
_b10
_c20130109
_lUCH01
_h1321
650 1 4 _aReforma agraria
_xBolivia.
_995530
710 _aLand Tenure Center. Madison, Wis.
_964637
830 0 _aResearch paper
_v; 44
_996073
901 _aBK
942 _cLIBRO
949 _a333 P45
_bBC
_cLIBRO
_d33724000315990
_eLIBRO
_h35155
_i43441
_mD
_si
949 _a333 P45
_bBC
_cLIBRO
_d33724002205116
_eLIBRO
_fc.2
_h35156
_i43441
_mD
_si
999 _c38349
_d38349